00647nam a2200205 a 450000100100000000500170001000800410002702000150006808200150008310000230009824501190012126000300024030000100027049000250028053400500030565000100035565000310036565000230039665000220041900001016920200120221856.0990313s1993 ck gr 000 0 spa d a958042115304a650.1bK740 aKriegel, Robert J.10aSi no está roto, rómpalo: ideas no convencionales para un mundo de negocios cambiante /cPatler, Louis; Rosas. aBogotá :bNorma,c1993. a358p. 0aDesarrollo Gerencial aTitulo original If it ain´t broke, break it.14aExito24aRelaciones internacionales24aRelaciones humanas24aAutorealización